000 00494nam a2200193Ia 4500
005 20240823025559.0
008 240823s9999||||xx |||||||||||||| ||und||
020 _a978-81-7319-964-6
041 _aENGLISH
082 _A661.807 P9
100 _aAhluwalia V K Varma Rajendar
245 0 _aGreen Solvents for Organic Synthesis
250 _a1st
260 _c2009
_bNarosa Publishing House New
500 _aYES
650 _aGreen Solvents
_bChemistry
942 _cBK
999 _c186656
_d186656